El origen de la pobreza de las masas

Guardat en:
Dades bibliogràfiques
Autor principal: Galbraith, John Kenneth (Autor)
Format: Llibre
Idioma:espanyol
Publicat: Ciudad de México Diana 1982
Matèries:
Etiquetes: Afegir etiqueta
Sense etiquetes, Sigues el primer a etiquetar aquest registre!

MARC

LEADER 00000nam a2200000 a 4500
001 UCQ0397
003 CL-VaPUC
008 980627e19820000MX |||||||||||||||||spa|d
082 0 4 |a 339.46  |b GAL  |2 21 
100 |a Galbraith, John Kenneth  |e author  |9 591930 
245 1 3 |a El origen de la pobreza de las masas 
300 |a 127 p 
942 |c BK 
945 |d 19980627 00:00:00  |a crobeson 
260 |a Ciudad de México  |b Diana  |c 1982 
650 0 |a Pobreza  |9 258652 
650 0 |a Condiciones de vida  |9 337437 
650 7 |a CULTURA DE LA POBREZA  |2 CL-VaPUC  |9 337773 
650 7 |a DESVENTAJA SOCIAL  |2 CL-VaPUC  |9 321790 
650 0 |a Movilidad social  |9 315088 
650 0 |a Problemas sociales  |9 258537 
583 |a last modification  |c 19980627 00:00:00  |k Rodrigo Vera 
999 |c 271529  |d 271527 
952 |0 0  |1 0  |4 0  |6 339_460000000000000_GAL_1982  |7 0  |8 A  |9 306210  |a BIBENE  |b BIBENE  |d 2019-11-20  |i 1424610  |o 339.46 GAL 1982  |p 1424610  |r 2025-01-15  |w 2019-11-20  |y BK  |k ICO